<?xml version="1.0" encoding="UTF-8"?>
<record
    xmlns:xsi="http://www.w3.org/2001/XMLSchema-instance"
    xsi:schemaLocation="http://www.loc.gov/MARC21/slim http://www.loc.gov/standards/marcxml/schema/MARC21slim.xsd"
    xmlns="http://www.loc.gov/MARC21/slim">

  <leader>03375nam a22003257a 4500</leader>
  <datafield tag="999" ind1=" " ind2=" ">
    <subfield code="c">23418</subfield>
    <subfield code="d">23418</subfield>
  </datafield>
  <controlfield tag="003">AR-CdUCM</controlfield>
  <controlfield tag="008">251217b2021    pe ||||| |||| 00| 0 spa d</controlfield>
  <datafield tag="040" ind1=" " ind2=" ">
    <subfield code="a">MUNICIPALIDAD PROVINCIAL DEL CUSCO</subfield>
    <subfield code="c">BIBLIOTECA MUNICIPAL DEL CUSCO</subfield>
  </datafield>
  <datafield tag="082" ind1=" " ind2=" ">
    <subfield code="a">333.92</subfield>
    <subfield code="b">G55</subfield>
  </datafield>
  <datafield tag="110" ind1=" " ind2=" ">
    <subfield code="a">Gobierno Regional Cusco</subfield>
    <subfield code="9">22459</subfield>
  </datafield>
  <datafield tag="245" ind1=" " ind2=" ">
    <subfield code="a">Plan de Educaci&#xF3;n Ambiental del</subfield>
    <subfield code="b">ACR Choquequirao</subfield>
  </datafield>
  <datafield tag="260" ind1=" " ind2=" ">
    <subfield code="a">Cusco - Per&#xFA;</subfield>
    <subfield code="b">Lucero S.A.C.</subfield>
    <subfield code="c">2021</subfield>
  </datafield>
  <datafield tag="300" ind1=" " ind2=" ">
    <subfield code="a">126 p&#xE1;ginas</subfield>
    <subfield code="c">21 x 28 cm.</subfield>
  </datafield>
  <datafield tag="500" ind1=" " ind2=" ">
    <subfield code="z">Censo Nacional 2017 - INEI -- Decreto Supremo N&#xB0;016-2016-2016-MINEDU. Plan Nacional de Educaci&#xF3;n Ambiental. Lima - Per&#xFA; -- Decreto supremo 017-2012-ED. Pol&#xED;tica Nacional de Educaci&#xF3;n Ambiental. Lima - Per&#xFA; Documento para identificaci&#xF3;n y mapeo de actores y radar de gesti&#xF3;n participativa del SERNANP - 2015 -- Espinoza Soriano, Waldemar (1997). "Las llactas en el imperio de los incas". -- Expediente T&#xE9;cnico de Establecimiento del ACR Choquequirao. -- Fundaci&#xF3;n Cambio Democr&#xE1;tico (2016). Gu&#xED;a para Confeccionar Un mapeo de Actores. Bases conceptuales y Metodol&#xF3;gicas. Disponible en: http://cambiodemocr&#xE1;tico.org/portfolio-item/guia-para-confeccionar-un-mapeo-de-actores/. -- Gonz&#xE1;les, E. (2001). Otra lectura a la historia de la educaci&#xF3;n ambiental en Am&#xE9;rica Latina y el Caribe. Desenvolvimiento y Medio Ambiente Vol. 3, 141-158. -- Hidalgo, k, Sandi, J. y Cruz, S. (2014). El impacto de la Educaci&#xF3;n Ambiental en zonas rurales de Costa  Rica. Congreso Iberoamericano de Ciencia, Tecnolog&#xED;a, Innovaci&#xF3;n y Educaci&#xF3;n. Buenos Aires, Argentina. --  Informe final del Programa de Educaci&#xF3;n Ambiental de la Municipalidad distrital de Machupicchu - Fomento de la Educaci&#xF3;n Ambiental como herramienta para el desarrollo sostenible. -- Ley No 28611 (2006). Ley General Del Ambiente, PCM. Lima - Per&#xFA; -- MINEDU: Portal de Transparencia del Ministerio de Educaci&#xF3;n. 2008. Ministerio de Educaci&#xF3;n. Consultado 08 de abril de 2017. -- MINAM. (2012). Glosario de t&#xE9;rminos para la Gesti&#xF3;n Ambiental Peruana. Lima: Direcci&#xF3;n General de pol&#xED;ticas, normas e instrumentos de gesti&#xF3;n ambiental. Ministerio del Ambiente. -- MINCETUR (2004). Choquequirao permitir&#xE1; impulso tur&#xED;stico biregional en Apur&#xED;mac y Cusco. -- Rostworowski de Diez Canseco, Mar&#xED;a (2004) Incas. Enciclopedia Tem&#xE1;tica del Per&#xFA;, tomo I. Lima. -- Saman&#xE9;z Argumedo, R. -- Thompson Donald (1972)</subfield>
  </datafield>
  <datafield tag="505" ind1=" " ind2=" ">
    <subfield code="a">Presentaci&#xF3;n -- Introducci&#xF3;n -- 1. Visi&#xF3;n y Misi&#xF3;n del Plan de Educaci&#xF3;n Ambiental -- 2. Objetivos Generales y Espec&#xED;ficos --3. Marco Legal--4. Generalidades del ACR Choquequirao -- 5. Marco Conceptual -- 6. Metodolog&#xED;a -- 7. Resultados del Trabajo de Campo  -- 8. Resultados Esperados -- 9. Estrategia de Implementaci&#xF3;n del Plan de Educaci&#xF3;n Ambiental -- 10. Conclusiones -- 11. Recomendaciones -- 12. Limitaciones -- Bibliograf&#xED;a -- Anexos</subfield>
  </datafield>
  <datafield tag="650" ind1=" " ind2=" ">
    <subfield code="a">Plan de Educaci&#xF3;n</subfield>
    <subfield code="9">51744</subfield>
  </datafield>
  <datafield tag="650" ind1=" " ind2=" ">
    <subfield code="a">Visi&#xF3;n</subfield>
    <subfield code="9">32308</subfield>
  </datafield>
  <datafield tag="650" ind1=" " ind2=" ">
    <subfield code="a">Misi&#xF3;n</subfield>
    <subfield code="9">20322</subfield>
  </datafield>
  <datafield tag="650" ind1=" " ind2=" ">
    <subfield code="a">Objetivo general, espec&#xED;ficos</subfield>
    <subfield code="9">51745</subfield>
  </datafield>
  <datafield tag="650" ind1=" " ind2=" ">
    <subfield code="a">Constituci&#xF3;n Pol&#xED;tica 1933</subfield>
    <subfield code="9">51746</subfield>
  </datafield>
  <datafield tag="650" ind1=" " ind2=" ">
    <subfield code="a">Ley General del Ambiente</subfield>
    <subfield code="9">51747</subfield>
  </datafield>
  <datafield tag="650" ind1=" " ind2=" ">
    <subfield code="a">Decretos Supremos</subfield>
    <subfield code="9">31639</subfield>
  </datafield>
  <datafield tag="650" ind1=" " ind2=" ">
    <subfield code="a">Objetivos de Creaci&#xF3;n</subfield>
    <subfield code="9">51748</subfield>
  </datafield>
  <datafield tag="650" ind1=" " ind2=" ">
    <subfield code="a">Aspecto Poblacional</subfield>
    <subfield code="9">51749</subfield>
  </datafield>
  <datafield tag="650" ind1=" " ind2=" ">
    <subfield code="a">Identificaci&#xF3;n </subfield>
    <subfield code="9">51750</subfield>
  </datafield>
  <datafield tag="710" ind1=" " ind2=" ">
    <subfield code="a">Biblioteca Nacional del Per&#xFA;</subfield>
    <subfield code="9">51751</subfield>
  </datafield>
  <datafield tag="942" ind1=" " ind2=" ">
    <subfield code="2">ddc</subfield>
    <subfield code="c">LIBROS</subfield>
  </datafield>
  <datafield tag="945" ind1=" " ind2=" ">
    <subfield code="a">jmcs</subfield>
    <subfield code="d">18/12/2025</subfield>
  </datafield>
</record>
